000 00783cab a2200277 4500
001 ABS45317
008 090401t1991 xxu||||| |||| 00| 0 eng d
035 _a(Sirsi) u52303
041 _aeng
100 _aMuir, R.
245 4 _aThe Soviet Union : ownership of real property
260 _c1991
350 _a0
490 _aEstates Gazette
_v(9139) 5 October 1991, 78-79(2)
520 _aExamines the law relating to ownership of property in the USSR, where land and buildings are treated quite differently.
650 _aLAND OWNERSHIP
650 _aLEGISLATION
650 _aPROPERTY OWNERSHIP
650 _aRIGHT OF USEAGE
650 _aRUSSIA
650 _aSOVIET UNION
650 _aUSSR
690 _aOVERSEAS-EUROPE
942 _n0
948 _c04/03/1997
999 _c32434
_d32434